| 000 | 00577nam a2200181Ia 4500 | ||
|---|---|---|---|
| 008 | 140925s9999 xx 000 0 und d | ||
| 020 | _a2326-0645 | ||
| 245 |
_aAmerican Journal of Tourism Management / _h[electronic resource] |
||
| 260 |
_bScientific & Academic Publishing Co., _cc2014. |
||
| 516 | _aElectronic text | ||
| 650 | _aJournal. | ||
| 650 | _aManagement. | ||
| 650 | _aTourism. | ||
| 830 | _aScientific & Academic Publishing Co. | ||
| 856 | _uhttp://www.sapub.org/journal/specialissues.aspx?journalid=1071#SpecialIssues | ||
| 942 | _cEJ | ||
| 999 |
_c275740 _d275740 |
||